[Event "FIDE Grand Swiss 2019"]
[Site "Douglas"]
[Date "18.10.2019"]
[Round "8.52"]
[White "Harika, Dronavalli"]
[Black "Moiseenko, Alexander"]
[Result "0-1"]
[WhiteTitle "GM"]
[BlackTitle "GM"]
[WhiteElo "2495"]
[BlackElo "2635"]
[WhiteFideId "5015197"]
[BlackFideId "14102560"]
[EventDate "2019.10.10"]

1. Nf3 Nf6 2. c4 e6 3. Nc3 d5 4. d4 Bb4 5. e3 O-O 6. Bd2 c5 7. a3 Bxc3 8. Bxc3
Ne4 9. Rc1 Nxc3 10. Rxc3 cxd4 11. Nxd4 a6 12. Nb3 dxc4 13. Qxd8 Rxd8 14. Bxc4 b6
15. f3 Bb7 16. Kf2 Nd7 17. Rhc1 Rac8 18. Be2 Rxc3 19. Rxc3 Rc8 20. Rxc8+ Bxc8
21. e4 Kf8 22. Ke3 Ke7 23. f4 f6 24. Nd2 e5 25. g3 b5 26. Bg4 Nb6 27. Bxc8 Nxc8
28. Kd3 Kd6 29. Kc3 Ne7 30. a4 exf4 31. gxf4 bxa4 32. Kb4 Nc6+ 33. Kxa4 g5 34.
fxg5 fxg5 35. Kb3 Ke5 36. Kc4 g4 37. Kd3 Kf4 38. Ke2 Nd4+ 39. Kf2 h5 40. Nf1 Nf3
41. Ng3 h4 42. Ne2+ Kxe4 43. Nc3+ Kf4 44. Ne2+ Kg5 45. h3 Ne5 46. hxg4 Kxg4 47.
b3 Nd3+ 48. Kg1 Kf3 49. Nd4+ Ke4 50. Nc2 Nc1 51. b4 Kd3 52. Na3 Ne2+ 53. Kh2 Nd4
54. Kh3 Nb5 0-1

[Event "FIDE Grand Swiss 2019"]
[Site "Douglas"]
[Date "18.10.2019"]
[Round "8.53"]
[White "Mareco, Sandro"]
[Black "Keymer, Vincent"]
[Result "1-0"]
[WhiteTitle "GM"]
[BlackTitle "IM"]
[WhiteElo "2634"]
[BlackElo "2506"]
[WhiteFideId "112275"]
[BlackFideId "12940690"]
[EventDate "2019.10.10"]

1. e4 c5 2. Nf3 d6 3. d4 cxd4 4. Nxd4 Nf6 5. Nc3 a6 6. h3 e6 7. g4 Nfd7 8. Be3
Be7 9. g5 b5 10. a3 Bb7 11. h4 Nc6 12. Qd2 O-O 13. O-O-O Nc5 14. f3 Rb8 15. Kb1
Qc7 16. Rh3 b4 17. axb4 Nxb4 18. h5 Bc8 19. Qh2 Nc6 20. Nxc6 Qxc6 21. Bc1 Bd7
22. f4 Rfc8 23. g6 Nxe4 24. gxf7+ Kf8 25. Rdd3 Nxc3+ 26. Rxc3 Qxc3 27. Rxc3 Rxc3
28. h6 g6 29. f5 Rf3 30. fxg6 Rxf1 31. Qh5 Bf6 32. g7+ Ke7 33. c3 Rg1 34. f8=Q+
Rxf8 35. gxf8=Q+ Kxf8 36. Qh2 Rd1 37. Qc2 Rd5 38. Qxh7 Bb5 39. Qc7 Bd3+ 40. Ka2
Be7 41. b3 Re5 42. Bf4 Rd5 43. c4 Rc5 44. Qb6 e5 45. Bg5 1-0

[Event "FIDE Grand Swiss 2019"]
[Site "Douglas"]
[Date "18.10.2019"]
[Round "8.54"]
[White "Bjerre, Jonas Buhl"]
[Black "Demchenko, Anton"]
[Result "1/2-1/2"]
[WhiteTitle "IM"]
[BlackTitle "GM"]
[WhiteElo "2506"]
[BlackElo "2655"]
[WhiteFideId "1444948"]
[BlackFideId "4160258"]
[EventDate "2019.10.10"]

1. d4 Nf6 2. c4 g6 3. Nc3 Bg7 4. e4 O-O 5. Nf3 d6 6. Be2 e5 7. O-O Nc6 8. dxe5
Nxe5 9. Nxe5 dxe5 10. Qa4 c6 11. Rd1 Qe7 12. b4 Be6 13. b5 cxb5 14. cxb5 Rfc8
15. Ba3 Qe8 16. Nd5 Nxd5 17. exd5 Bd7 18. Qb3 a6 19. bxa6 bxa6 20. Rdc1 e4 21.
Rab1 Bd4 22. Rxc8 Rxc8 23. Bxa6 e3 24. Bxc8 exf2+ 25. Kf1 Qxc8 26. Qb8 Kg7 27.
Qxc8 Bxc8 28. Rb2 Bxb2 29. Bxb2+ f6 30. Kxf2 Bb7 31. d6 Kf7 32. a4 Ke6 33. Ba3
h5 34. g3 Kd7 35. Ke3 Bc6 36. a5 Bb5 37. Kd4 Kc6 38. Ke4 Ba6 39. Kf4 Bc8 40. Ke3
Ba6 41. Kd4 Bc8 42. Ke4 Ba6 43. Kf4 Bc8 44. h4 Ba6 45. Bb2 Kxd6 46. Bxf6 Kc6 47.
Kg5 Bd3 48. Bd8 Kb5 49. Bc7 1/2-1/2

[Event "FIDE Grand Swiss 2019"]
[Site "Douglas"]
[Date "18.10.2019"]
[Round "8.55"]
[White "Jones, Gawain C B"]
[Black "Clarke, Brandon G I"]
[Result "1-0"]
[WhiteTitle "GM"]
[BlackTitle "IM"]
[WhiteElo "2688"]
[BlackElo "2445"]
[WhiteFideId "409561"]
[BlackFideId "400319"]
[EventDate "2019.10.10"]

1. e4 c5 2. Nf3 d6 3. Bb5+ Nd7 4. d4 cxd4 5. Qxd4 a6 6. Bxd7+ Bxd7 7. Nc3 e5 8.
Qd3 h6 9. O-O Nf6 10. a4 Be7 11. Nd2 Rc8 12. Rd1 Qc7 13. Nf1 O-O 14. Ne3 Be6 15.
Bd2 Bc4 16. Nxc4 Qxc4 17. Qxc4 Rxc4 18. f3 Rfc8 19. Be1 Kf8 20. Bh4 g5 21. Bf2
d5 22. exd5 Bb4 23. d6 Rd8 24. Bg3 Bxc3 25. bxc3 Nd7 26. a5 f6 27. Rab1 Rxc3 28.
Rxb7 Rxc2 29. Bf2 Ke8 30. Bb6 Rb2 31. Rc1 Nxb6 32. axb6 Rxd6 33. Rh7 1-0

[Event "FIDE Grand Swiss 2019"]
[Site "Douglas"]
[Date "18.10.2019"]
[Round "8.56"]
[White "Kashlinskaya, Alina"]
[Black "Huschenbeth, Niclas"]
[Result "1/2-1/2"]
[WhiteTitle "IM"]
[BlackTitle "GM"]
[WhiteElo "2481"]
[BlackElo "2624"]
[WhiteFideId "4198026"]
[BlackFideId "24604747"]
[EventDate "2019.10.10"]

1. d4 Nf6 2. c4 e6 3. Nc3 Bb4 4. Qc2 d5 5. a3 Bxc3+ 6. Qxc3 c5 7. dxc5 d4 8. Qg3
Nc6 9. Nf3 e5 10. b4 e4 11. Nd2 Be6 12. Qd6 e3 13. fxe3 dxe3 14. Nf3 Ng4 15. Bb2
Qxd6 16. cxd6 Bxc4 17. Rc1 b5 18. Nd4 Nxd4 19. Bxd4 O-O-O 20. Bc5 Kb7 21. Rxc4
bxc4 22. g3 Kc6 23. Bg2+ Kb5 24. O-O Ka4 25. Rb1 Kxa3 26. Be4 Nf6 27. Bc2 Nd5
28. b5+ Ka2 29. Bd4 c3 30. Bc5 Rd7 31. Rd1 Kb2 32. Bf5 c2 33. Bxc2 Kxc2 34. Rxd5
Rhd8 35. Rd3 Rb8 36. Bxe3 Rxb5 37. Bxa7 Rb3 38. Rd5 Kc3 39. Kg2 Rb2 40. Kf3 Rd2
41. Rxd2 Kxd2 42. Bb8 Kc3 43. Ke4 Kc4 44. Bc7 Kc5 45. Ke5 Kc6 46. g4 h6 47. h4
Rxc7 48. Ke4 1/2-1/2

[Event "FIDE Grand Swiss 2019"]
[Site "Douglas"]
[Date "18.10.2019"]
[Round "8.57"]
[White "Erenberg, Ariel"]
[Black "Vovk, Andriy"]
[Result "0-1"]
[WhiteTitle "IM"]
[BlackTitle "GM"]
[WhiteElo "2463"]
[BlackElo "2618"]
[WhiteFideId "2811634"]
[BlackFideId "14114470"]
[EventDate "2019.10.10"]

1. d4 Nf6 2. c4 g6 3. g3 Bg7 4. Bg2 O-O 5. Nc3 d6 6. Nf3 Nbd7 7. O-O e5 8. e4
exd4 9. Nxd4 Nc5 10. h3 Re8 11. Re1 Bd7 12. b3 a5 13. Bf4 h6 14. Rb1 Nh7 15. Qd2
Ng5 16. Rbd1 Kh7 17. Kh2 Nge6 18. Be3 Ng5 19. Qc2 Kg8 20. f4 Nge6 21. Ndb5 g5
22. f5 Nf8 23. a3 Be5 24. b4 axb4 25. axb4 Bxb5 26. Nxb5 Na6 27. Qd2 Qf6 28. c5
Red8 29. Qf2 dxc5 30. bxc5 Nd7 31. Re2 Qe7 32. Red2 Nf6 33. Bd4 Re8 34. Be3 Nh5
35. Kg1 Bxg3 36. Qf3 Bf4 37. Rd7 Bxe3+ 38. Qxe3 Qe5 39. Qb3 Qxc5+ 40. Kh1 Re7
41. Nc3 Rxd7 42. Rxd7 Rf8 43. Nd5 Qc1+ 44. Kh2 Nc5 45. Qd1 Qxd1 46. Ne7+ Kg7 47.
Rxd1 Re8 48. Nd5 c6 49. Nc3 Nf4 50. Bf3 Nfd3 0-1

[Event "FIDE Grand Swiss 2019"]
[Site "Douglas"]
[Date "18.10.2019"]
[Round "8.58"]
[White "Durarbayli, Vasif"]
[Black "Danielian, Elina"]
[Result "1-0"]
[WhiteTitle "GM"]
[BlackTitle "GM"]
[WhiteElo "2617"]
[BlackElo "2385"]
[WhiteFideId "13402935"]
[BlackFideId "13300210"]
[EventDate "2019.10.10"]

1. e4 c6 2. d4 d5 3. e5 Bf5 4. Nf3 e6 5. Be2 Nd7 6. O-O h6 7. Nbd2 Ne7 8. Re1
Qc7 9. b3 Ng6 10. Bf1 Be7 11. c4 O-O 12. h3 Nh4 13. Nxh4 Bxh4 14. Ba3 Rfe8 15.
Bd6 Qd8 16. c5 a5 17. a3 b6 18. Nf3 Be7 19. b4 Qc8 20. b5 bxc5 21. dxc5 Nxc5 22.
Rc1 Ne4 23. Rxc6 Qd7 24. Bxe7 Qxe7 25. Qc1 f6 26. Rc7 Qf8 27. Qb2 Rab8 28. Rec1
a4 29. b6 fxe5 30. Nxe5 Qf6 31. Rf7 Rxb6 32. Qd4 Qg5 33. Rcc7 Rb1 34. h4 1-0

[Event "FIDE Grand Swiss 2019"]
[Site "Douglas"]
[Date "18.10.2019"]
[Round "8.63"]
[White "Ushenina, Anna"]
[Black "Rodshtein, Maxim"]
[Result "1-0"]
[WhiteTitle "GM"]
[BlackTitle "GM"]
[WhiteElo "2431"]
[BlackElo "2684"]
[WhiteFideId "14110911"]
[BlackFideId "2806851"]
[EventDate "2019.10.10"]

1. d4 e6 2. e4 d5 3. Nd2 c5 4. exd5 Qxd5 5. Ngf3 cxd4 6. Bc4 Qd8 7. O-O Nc6 8.
Nb3 a6 9. Nbxd4 Nxd4 10. Nxd4 Bd6 11. Bd3 Qc7 12. h3 Nf6 13. Re1 Bh2+ 14. Kh1
Bf4 15. Qf3 Bxc1 16. Raxc1 O-O 17. Bf1 b6 18. c4 Bb7 19. Qe3 Rfd8 20. Nb3 Rac8
21. Red1 a5 22. Rxd8+ Qxd8 23. Kg1 h6 24. Be2 Nd7 25. Rd1 Qe7 26. Nd4 Rc5 27. b3
Re5 28. Qd2 Nf6 29. Nf3 Bxf3 30. Bxf3 Kf8 31. Kf1 g5 32. Qd4 Qc7 33. a3 Ke7 34.
b4 Rf5 35. Be2 Rf4 36. Qd3 Ne4 37. Bf3 Nd6 38. Be2 Ne4 39. Bf3 Nd6 40. Be2 axb4
41. g3 Qc6 42. f3 Rf6 43. axb4 Qc7 44. g4 Rf4 45. Rc1 Ne4 46. Kg2 Nf6 47. Ra1 h5
48. Ra8 h4 49. Qe3 Nd7 50. Kf1 Qd6 51. Rg8 Kf6 52. Rd8 Ke7 53. Rg8 Kf6 54. Rd8
Qc7 55. Qc3+ Qe5 56. Qd3 Qa1+ 57. Kg2 Ne5 58. Qh7 Ng6 59. Rd7 Ke5 60. Qg7+ f6
61. Rd1 1-0

[Event "FIDE Grand Swiss 2019"]
[Site "Douglas"]
[Date "18.10.2019"]
[Round "8.64"]
[White "Movsesian, Sergei"]
[Black "Boruchovsky, Avital"]
[Result "1-0"]
[WhiteTitle "GM"]
[BlackTitle "GM"]
[WhiteElo "2654"]
[BlackElo "2533"]
[WhiteFideId "310204"]
[BlackFideId "2800055"]
[EventDate "2019.10.10"]

1. e4 e5 2. Nf3 Nc6 3. g3 g6 4. d4 exd4 5. Nxd4 Bg7 6. Ne2 Nf6 7. Bg2 O-O 8. O-O
Re8 9. Nbc3 d6 10. h3 Bd7 11. Re1 b5 12. Nxb5 Nxe4 13. Nf4 f5 14. Nd5 Rc8 15. h4
Ne5 16. Rxe4 Bxb5 17. Bg5 Qd7 18. Re1 Bc6 19. h5 h6 20. Bxh6 Qf7 21. hxg6 Nxg6
22. Qd2 Bxb2 23. Rab1 Be5 24. Qg5 Bg7 25. Rxe8+ Rxe8 26. Nxc7 Qxa2 27. Rc1 1-0

[Event "FIDE Grand Swiss 2019"]
[Site "Douglas"]
[Date "18.10.2019"]
[Round "8.65"]
[White "Houska, Jovanka"]
[Black "Piorun, Kacper"]
[Result "0-1"]
[WhiteTitle "IM"]
[BlackTitle "GM"]
[WhiteElo "2430"]
[BlackElo "2643"]
[WhiteFideId "405094"]
[BlackFideId "1130420"]
[EventDate "2019.10.10"]

1. d4 Nf6 2. Nf3 g6 3. g3 b6 4. c4 Bb7 5. Bg2 Bg7 6. O-O O-O 7. b3 c5 8. Bb2
cxd4 9. Bxd4 d6 10. Bb2 Nbd7 11. Nc3 Ne4 12. Rc1 Rc8 13. Ne1 Bxc3 14. Bxc3 Nxc3
15. Rxc3 Qc7 16. Bxb7 Qxb7 17. Qd4 Nf6 18. Ng2 Rc5 19. b4 Re5 20. Rc2 Rc8 21. f3
b5 22. Rfc1 bxc4 23. Rxc4 Rxc4 24. Qxc4 a5 25. Qc8+ Qxc8 26. Rxc8+ Kg7 27. bxa5
Rxe2 28. a4 Re5 29. Ra8 Rc5 30. Ne3 d5 31. a6 d4 32. Nd1 Ra5 33. Nb2 Nd5 34. a7
Nc3 35. Kf2 Nxa4 36. Nxa4 Rxa4 37. f4 Ra3 38. g4 h6 39. h3 Kf6 40. Ke2 e6 41.
Kf2 Ke7 42. h4 Kf6 43. Rd8 Rxa7 44. Rxd4 h5 45. Rb4 Ra2+ 0-1

[Event "FIDE Grand Swiss 2019"]
[Site "Douglas"]
[Date "18.10.2019"]
[Round "8.66"]
[White "Rakotomaharo, Fy Antenaina"]
[Black "Adly, Ahmed"]
[Result "0-1"]
[WhiteTitle "IM"]
[BlackTitle "GM"]
[WhiteElo "2428"]
[BlackElo "2636"]
[WhiteFideId "13100050"]
[BlackFideId "10601619"]
[EventDate "2019.10.10"]

1. d4 Nf6 2. c4 e5 3. dxe5 Ng4 4. Bf4 Nc6 5. Nf3 Bb4+ 6. Nbd2 Qe7 7. a3 Bxd2+ 8.
Qxd2 Ngxe5 9. Nxe5 Nxe5 10. e3 d6 11. Rc1 O-O 12. c5 dxc5 13. Qd5 Ng6 14. Bg3
Rd8 15. Qxc5 Qxc5 16. Rxc5 c6 17. h4 Nf8 18. h5 h6 19. Rh4 Be6 20. Rb4 Rd7 21.
Be2 Rad8 22. e4 Rc8 23. Rc3 c5 24. Ra4 a6 25. Ra5 c4 26. f4 f6 27. f5 Bf7 28. e5
fxe5 29. Rxe5 b5 30. Bg4 Rd4 31. Bf3 Nd7 32. Re7 Nc5 33. Kf1 Nd3 34. b4 Rf8 35.
Kg1 Bd5 36. Rd7 Rxf5 37. Rc2 Rg5 38. Kh2 Kf8 39. Rd6 Ne5 40. Bxe5 Rxe5 41. Rxa6
Bxf3 42. gxf3 Rg5 43. Kh3 Rd3 44. Rf2 Rd1 45. Kh2 Ra1 46. Rd2 Rxh5+ 47. Kg3 Rg1+
48. Kf4 Rh4+ 49. Ke3 Rg5 50. Rd8+ Kf7 51. Rc8 Re5+ 52. Kf2 Rf4 53. Rc7+ Kg8 54.
Raa7 Rg5 55. a4 c3 56. Rxc3 Rxb4 57. axb5 Rb2+ 58. Ke3 Rgxb5 59. Rac7 Rg2 60.
R7c5 Rbb2 61. Rh5 Rbe2+ 62. Kf4 Re8 63. Re5 Rf8+ 64. Ke4 Kh7 65. f4 Rg1 66. Re3
Ra1 67. Rf3 Rf7 68. f5 Re1+ 69. Re3 Rg1 70. Rf3 Rf6 71. Ra5 h5 72. Raa3 Rg4+ 73.
Ke5 Rf8 74. Ra6 Rg5 75. Rf4 Rg1 76. Re6 Rf7 77. Rh4 Rg5 78. Rf4 Ra7 79. Rd6 Re7+
80. Kd4 Rg1 81. Kc3 Rf7 82. Kd2 Rg5 83. Rd5 Kh6 84. Ke3 Rf6 85. Ke4 Rg1 86. Rd2
Kg5 87. Rff2 Rg4+ 88. Ke5 Rf7 89. Rd6 Re7+ 90. Re6 Ra7 91. Rg6+ Kh4 92. Rh2+ Kg3
93. Rxh5 Rxg6 94. fxg6 Ra5+ 95. Ke6 Rxh5 96. Kf7 Kf4 97. Kxg7 Kg5 98. Kf7 Kh6
99. g7 Rf5+ 100. Kg8 Kg6 0-1

[Event "FIDE Grand Swiss 2019"]
[Site "Douglas"]
[Date "18.10.2019"]
[Round "8.67"]
[White "Zatonskih, Anna"]
[Black "Bachmann, Axel"]
[Result "0-1"]
[WhiteTitle "IM"]
[BlackTitle "GM"]
[WhiteElo "2422"]
[BlackElo "2629"]
[WhiteFideId "14101572"]
[BlackFideId "3700488"]
[EventDate "2019.10.10"]

1. d4 Nf6 2. Nf3 e6 3. g3 d5 4. Bg2 b5 5. O-O Nbd7 6. a4 b4 7. c4 bxc3 8. bxc3
Ba6 9. Ba3 Bd6 10. Re1 Ne4 11. Nfd2 f5 12. c4 Ndf6 13. Qc2 O-O 14. cxd5 exd5 15.
Qc6 Qc8 16. Nxe4 fxe4 17. Bxd6 cxd6 18. Qxd6 Rb8 19. Na3 Rb6 20. Qe5 Qd7 21.
Rec1 Ng4 22. Qc7 Qf5 23. f4 Qh5 24. h3 Ne3 25. g4 Qh4 26. Nb5 Qg3 0-1

[Event "FIDE Grand Swiss 2019"]
[Site "Douglas"]
[Date "18.10.2019"]
[Round "8.68"]
[White "Iturrizaga Bonelli, Eduardo"]
[Black "Henderson de La Fuente, Lance"]
[Result "1/2-1/2"]
[WhiteTitle "GM"]
[BlackTitle "IM"]
[WhiteElo "2629"]
[BlackElo "2494"]
[WhiteFideId "3901211"]
[BlackFideId "32096585"]
[EventDate "2019.10.10"]

1. c4 c5 2. Nf3 Nc6 3. d4 cxd4 4. Nxd4 Nf6 5. Nc3 e6 6. g3 Qb6 7. Nf3 Bb4 8. Bg2
Ne4 9. O-O Nxc3 10. bxc3 Bxc3 11. Ba3 Bxa1 12. Qxa1 f6 13. Bd6 Qa6 14. Ng5 Ne5
15. Bxe5 fxe5 16. Qxe5 O-O 17. Qe4 Rf5 18. h4 Qa5 19. Nxh7 Kxh7 20. g4 d5 21.
cxd5 Qxd5 22. Qb1 Qe5 23. Rd1 Rb8 24. e3 b6 25. gxf5 exf5 26. Rd5 Qf6 27. Qd1
Be6 28. Rd6 Qe5 29. a3 Rc8 30. Bc6 Bf7 31. Qd4 Qxd4 32. exd4 Be8 33. Bd5 Rc3 34.
Be6 Rxa3 35. Bxf5+ Kg8 36. Rd8 Kf7 37. d5 Ke7 38. Rb8 1/2-1/2

[Event "FIDE Grand Swiss 2019"]
[Site "Douglas"]
[Date "18.10.2019"]
[Round "8.69"]
[White "Solomon, Kenny"]
[Black "Parligras, Mircea-Emilian"]
[Result "0-1"]
[WhiteTitle "GM"]
[BlackTitle "GM"]
[WhiteElo "2382"]
[BlackElo "2629"]
[WhiteFideId "14300192"]
[BlackFideId "1204297"]
[EventDate "2019.10.10"]

1. d4 Nf6 2. c4 e6 3. g3 d5 4. Nf3 Bb4+ 5. Bd2 Bd6 6. Nc3 O-O 7. Bg5 Be7 8. Bg2
h6 9. Bxf6 Bxf6 10. O-O c6 11. Qc2 Nd7 12. Rfd1 a5 13. b3 b6 14. e4 Bb7 15. h4
Rc8 16. Qe2 Ba6 17. Bf1 Re8 18. Qe3 Bb7 19. e5 Be7 20. cxd5 cxd5 21. Bb5 Ba3 22.
Ne2 Re7 23. g4 Nf8 24. h5 Rec7 25. Bd3 Nh7 26. Bxh7+ Kxh7 27. g5 Ba6 28. Ng3 Qe7
29. Kg2 Rc2 30. Rh1 Rb2 31. Rh4 Rcc2 32. Rf4 Rxf2+ 33. Qxf2 Rxf2+ 34. Kxf2 hxg5
35. Rg4 f6 36. Rh1 Kh6 37. exf6 gxf6 38. Ne2 Qc7 39. Ne1 Bd6 40. Rg2 Bxe2 41.
Kxe2 Qc3 42. Nf3 Bf4 0-1

[Event "FIDE Grand Swiss 2019"]
[Site "Douglas"]
[Date "18.10.2019"]
[Round "8.73"]
[White "Batsiashvili, Nino"]
[Black "Atalik, Ekaterina"]
[Result "1/2-1/2"]
[WhiteTitle "GM"]
[BlackTitle "IM"]
[WhiteElo "2422"]
[BlackElo "2464"]
[WhiteFideId "13602993"]
[BlackFideId "4130189"]
[EventDate "2019.10.10"]

1. Nf3 d5 2. c4 e6 3. g3 Nf6 4. Bg2 Be7 5. O-O O-O 6. b3 b6 7. cxd5 exd5 8. Bb2
Bb7 9. d4 Nbd7 10. Nbd2 Bd6 11. Nh4 Re8 12. Rc1 g6 13. Nc4 Bf8 14. Ne5 Ne4 15.
Qc2 Bd6 16. Nc6 Qf6 17. Nf3 Qf5 18. b4 a6 19. a4 Nb8 20. b5 axb5 21. axb5 Nxc6
22. bxc6 Ba6 23. Ne5 Qe6 24. Bxe4 Bxe5 25. Bxd5 Qxd5 26. dxe5 Qe6 27. f4 Rad8
28. Rf2 Rd5 29. f5 gxf5 30. Rxf5 Bd3 31. Rg5+ Bg6 32. Qe4 Red8 33. Qh4 Rd1+ 34.
Kf2 R8d2 35. Rxd1 Rxd1 36. Rg4 Qf5+ 37. Rf4 Qe6 38. Qf6 Rd2 39. Rd4 Rxd4 40.
Bxd4 Qxf6+ 41. exf6 Be4 42. Be5 Bxc6 43. Bxc7 b5 44. Ba5 h5 45. Ke3 Kh7 46. Kf4
Kg6 47. Bc3 Bd7 1/2-1/2

[Event "FIDE Grand Swiss 2019"]
[Site "Douglas"]
[Date "18.10.2019"]
[Round "8.75"]
[White "Wu, Li"]
[Black "Bulmaga, Irina"]
[Result "0-1"]
[BlackTitle "IM"]
[WhiteElo "2332"]
[BlackElo "2442"]
[WhiteFideId "411086"]
[BlackFideId "13903063"]
[EventDate "2019.10.10"]

1. Nf3 Nf6 2. g3 b6 3. Bg2 Bb7 4. O-O e6 5. d4 Be7 6. c4 O-O 7. Nc3 Ne4 8. Bd2
c5 9. d5 exd5 10. cxd5 Nxd2 11. Nxd2 d6 12. e4 Bf6 13. Re1 Nd7 14. f4 Ba6 15.
Nf3 Re8 16. Qa4 Bd3 17. Nb5 c4 18. Nxd6 b5 19. Qa6 Bxb2 20. Nxe8 Qxe8 21. e5 Nc5
22. Qa5 Ne4 23. Rac1 a6 24. Bf1 Bxc1 25. Bxd3 cxd3 26. Rxe4 Qd7 27. d6 Qc6 28.
Qc7 Qxe4 29. d7 Ba3 30. d8=Q+ Rxd8 31. Qxd8+ Bf8 32. e6 Qxf3 33. exf7+ Kxf7 34.
Qd7+ Kg8 35. Qe6+ Kh8 36. Qe8 Qd1+ 0-1

[Event "FIDE Grand Swiss 2019"]
[Site "Douglas"]
[Date "19.10.2019"]
[Round "9.14"]
[White "Kasimdzhanov, Rustam"]
[Black "Howell, David W L"]
[Result "0-1"]
[WhiteElo "2657"]
[BlackElo "2694"]

1. e4 c6 2. d4 d5 3. e5 Bf5 4. Nd2 e6 5. Nb3 Nd7 6. Nf3 Ne7 7. Be2 h6 8.
O-O g5 9. a4 Bg7 10. a5 Qc7 11. Bd2 f6 12. exf6 Bxf6 13. Ne1 O-O-O 14. Nd3
Kb8 15. Ra4 Bxd3 16. cxd3 Nf5 17. Bg4 h5 18. Bxf5 exf5 19. a6 b6 20. Re1 h4
21. Qf3 f4 22. h3 Rde8 23. Rc1 Re6 24. Raa1 Qd6 25. Rc2 Ka8 26. Bc3 Rhe8
27. Kh2 Bd8 28. Ra4 Nf6 29. Bb4 Qd7 30. Ra1 Bc7 31. Rac1 Kb8 32. Kh1 Rg8
33. Bd2 Rge8 34. Na1 g4 35. hxg4 Nxg4 36. b4 h3 37. gxh3 Nxf2+ 38. Qxf2 Rh6
39. Bxf4 Rxh3+ 40. Kg1 Rg8+ 41. Kf1 Rh1+ 42. Ke2 Qg4+ 43. Qf3 Qxf3+ 44.
Kxf3 Rh3+ 45. Ke2 Bxf4 46. Rf1 Re8+ 47. Kf2 Rxd3 48. Rxc6 Bg3+ 49. Kg2 Rg8
50. Kh1 Bd6 0-1

[Event "FIDE Grand Swiss 2019"]
[Site "Douglas"]
[Date "19.10.2019"]
[Round "9.15"]
[White "Rakhmanov, Aleksandr"]
[Black "Ragger, Markus"]
[Result "1-0"]
[WhiteElo "2621"]
[BlackElo "2684"]

1. d4 Nf6 2. Nf3 d5 3. c4 e6 4. Qc2 dxc4 5. e3 c5 6. Bxc4 Nc6 7. dxc5 Bxc5
8. O-O Qe7 9. e4 Nd7 10. Nc3 O-O 11. Bf4 Nd4 12. Nxd4 Bxd4 13. Rad1 Bc5 14.
e5 Bb6 15. Ne4 Bc7 16. Ng5 g6 17. Nf3 Qc5 18. Qe2 Nb6 19. Bb3 Nd5 20. Bh6
Re8 21. Rc1 Qe7 22. Bg5 Qd7 23. Qc4 b5 24. Qh4 Bb7 25. Bxd5 Bxd5 26. Bf6 h5
27. Qf4 Kh7 28. Ng5+ Kg8 29. Nf3 Kh7 30. Ng5+ Kg8 31. Ne4 Kh7 32. Nc5 Qc8
33. Na6 Qxa6 34. Rxc7 Rf8 35. Be7 Rg8 36. Bg5 Raf8 37. Rxf7+ Rxf7 38. Qxf7+
Rg7 39. Qf8 Qb7 40. Rc1 Qf7 41. Qd8 Qd7 42. Qf8 Qf7 43. Qc5 Qb7 44. Bf6 Rf7
45. h4 Kg8 46. Kh2 Bxa2 47. Qc2 Bd5 48. Qxg6+ Kf8 49. Qh6+ Ke8 50. Qh8+ Rf8
51. Qxh5+ Qf7 52. Rc8+ Kd7 53. Qxf7+ Rxf7 54. Rc5 Bc4 55. g4 a5 56. h5 Rh7
57. Kg3 a4 58. Kf4 Bd3 59. Ke3 Bf1 60. f3 Bc4 61. Kd2 Bd5 62. Rxb5 Bxf3 63.
Rb4 Kc6 64. Rxa4 Rb7 65. Kc3 Bd5 66. Rb4 Rh7 67. Kd4 Bf3 68. Ke3 Bd1 69.
Rd4 1-0

[Event "FIDE Grand Swiss 2019"]
[Site "Douglas"]
[Date "19.10.2019"]
[Round "9.17"]
[White "Lupulescu, Constantin"]
[Black "Wojtaszek, Radoslaw"]
[Result "1/2-1/2"]
[WhiteElo "2643"]
[BlackElo "2748"]

1. e4 c5 2. Nf3 d6 3. Bb5+ Nd7 4. c3 Nf6 5. Bd3 g6 6. O-O Bg7 7. Bc2 e5 8.
d4 exd4 9. cxd4 O-O 10. Nc3 cxd4 11. Qxd4 Nb6 12. Qd1 Be6 13. Re1 a6 14.
Bb3 Bxb3 15. Qxb3 Nbd7 16. Bf4 Nc5 17. Qc2 Ne6 18. Be3 Rc8 19. Rad1 Qc7 20.
h3 Rfe8 21. Qb1 b5 22. a3 Nc5 23. Bd4 Qc6 24. e5 dxe5 25. Bxe5 Ncd7 26. Bd4
Rxe1+ 27. Rxe1 Re8 28. Rxe8+ Nxe8 29. Qe4 Qxe4 30. Nxe4 f5 31. Nc3 Nd6 32.
b3 Bh6 1/2-1/2

[Event "FIDE Grand Swiss 2019"]
[Site "Douglas"]
[Date "19.10.2019"]
[Round "9.19"]
[White "Vallejo Pons, Francisco"]
[Black "Lenderman, Aleksandr"]
[Result "1-0"]
[WhiteElo "2694"]
[BlackElo "2648"]

1. e4 e6 2. d4 d5 3. Nc3 dxe4 4. Nxe4 Nd7 5. g3 Be7 6. Nf3 Ngf6 7. Qe2 b6
8. Nxf6+ Bxf6 9. Qe4 Rb8 10. Bb5 O-O 11. Bf4 Be7 12. O-O-O Bb7 13. Qe2 Nf6
14. Kb1 Bd6 15. Bg5 h6 16. Bc1 Nd5 17. Ne5 Bxe5 18. dxe5 Qe7 19. Rhg1 a6
20. Bc4 b5 21. Bxd5 exd5 22. f4 Rbe8 23. Qf2 c5 24. g4 d4 25. Rde1 f5 26.
gxf5 Rxf5 27. Rg6 Kh8 28. Reg1 Rg8 29. Qg3 Bd5 30. e6 Bxe6 31. Re1 Rf6 32.
f5 Rxg6 33. fxg6 Qf6 34. h4 Bf5 35. h5 c4 36. Bd2 Rc8 37. Kc1 c3 38. bxc3
Qf8 39. Kb1 dxc3 40. Bxc3 b4 41. Bb2 b3 42. axb3 Bxc2+ 43. Ka1 Rc5 44. b4
Rf5 45. Qe3 Rxh5 46. Qe8 Rf5 47. b5 Bb3 48. b6 Ra5+ 49. Kb1 Ba2+ 50. Kc2
Rc5+ 51. Bc3 Rc8 52. Qxf8+ Rxf8 53. Re7 Rg8 54. Rxg7 Rxg7 55. Bxg7+ Kxg7
56. b7 1-0

[Event "FIDE Grand Swiss 2019"]
[Site "Douglas"]
[Date "19.10.2019"]
[Round "9.20"]
[White "Akopian, Vladimir"]
[Black "Inarkiev, Ernesto"]
[Result "1/2-1/2"]
[WhiteElo "2638"]
[BlackElo "2693"]

1. e4 c5 2. Nf3 d6 3. d4 cxd4 4. Nxd4 Nf6 5. Nc3 a6 6. Be3 e6 7. f3 b5 8.
Qd2 Nbd7 9. g4 b4 10. Nce2 h6 11. O-O-O Qc7 12. h4 d5 13. Rg1 dxe4 14. g5
hxg5 15. hxg5 exf3 16. Bf4 e5 17. gxf6 fxe2 18. Qxe2 gxf6 19. Bg2 Bb7 20.
Bxb7 Qxb7 21. Nf5 Rc8 22. Be3 b3 23. axb3 Qxb3 24. Kb1 Qb5 25. Qg2 Qc6 26.
Qe2 Rb8 27. Bc1 Nc5 28. Rg4 a5 29. Rgd4 Rh1 30. Nd6+ Bxd6 31. Rxd6 Qb7 32.
Rxh1 Qxh1 33. Rxf6 Ne4 34. Qe3 Nxf6 35. Qxe5+ Kd7 36. Qxb8 Qd5 37. Qa7+ Ke6
38. Qa6+ Ke5 39. c4 Qd8 40. Qb5+ Ke6 41. Bf4 Qd3+ 42. Ka2 Ne4 43. Qe5+ Kd7
44. Qf5+ Ke7 45. Bg5+ Kd6 46. Bf4+ Ke7 47. Qe5+ Kd7 48. Qc7+ Ke6 49. Qe5+
1/2-1/2

[Event "FIDE Grand Swiss 2019"]
[Site "Douglas"]
[Date "19.10.2019"]
[Round "9.21"]
[White "Grandelius, Nils"]
[Black "Mamedov, Rauf"]
[Result "1/2-1/2"]
[WhiteElo "2691"]
[BlackElo "2645"]

1. e4 e5 2. Nf3 Nc6 3. Bb5 a6 4. Ba4 Nf6 5. O-O Bc5 6. c3 b5 7. Bc2 d5 8.
d4 dxe4 9. Nxe5 Nxe5 10. dxc5 Qe7 11. Bg5 Bb7 12. Re1 h6 13. Bxf6 Qxf6 14.
Bxe4 Bxe4 15. Rxe4 O-O 16. Qe2 Nd7 17. Nd2 Nxc5 18. Re3 Rad8 19. Ne4 Nxe4
20. Rxe4 Rd7 21. Re8 Rd8 22. Re4 Rd7 23. Re8 Rd8 24. Re4 Rd7 1/2-1/2